Kresťánského Katolíckého Náboženstwá Ďíl IIý O Nádegi

Bibliographic Details
Main Author: Bajza, Jozef Ignác, 1755-1836 (Author)
Other Authors: Jelínek, Václav, 1731-1823 (Printer)
Format: Book
Language:Slovak
PhysicalDescription:[2],178 str. 8° 20 x 12 cm
Published: W Trnawe U Wáclawa Gelinka mestskího knihotiskára 1790
Subjects:

MARC

LEADER 00000cam a2200000 a 4500
001 vtls001291391
003 SK-MaSNL
005 20260301155448.0
008 240226s1790 xo slo
015 |a SNBHFA 
035 |a SNK000243063 
040 |a SNK  |b slo  |c SNK  |e AACR2 
041 0 |a slo 
044 |a xo  |c SK 
072 7 |a 27-46/-48  |x Pastorálna teológia  |2 konspekt 
080 |a 27-475.5  |2 2011 
100 1 |a Bajza, Jozef Ignác,  |d 1755-1836  |4 aut  |9 107852 
245 1 0 |a Kresťánského Katolíckého Náboženstwá  |n Ďíl IIý  |p O Nádegi  |c které lidu swému wikládal, a pre wsseobecný prospech widal Josep. Ignat. Bajza Farár Dolno=Dubowský 
260 |a W Trnawe  |b U Wáclawa Gelinka mestskího knihotiskára  |c 1790 
300 |a [2],178 str.  |c 8°  |c 20 x 12 cm 
500 |a Titulná strana s vinetou. Vinety. Ozdobná iniciála. Marginálie. Zložky. Kustody 
501 |a Príväzok 1.: BAJZA, Jozef Ignác: Kresťánského Katolíckého Náboženstwá... IIIho Lásku obsahugícího Dílu Částka Iá. W trnawe : U Wáclawa Gelinka mestskího Knihotiskára, 1790.  |5 SNK SD 1197/2-3/1 
510 4 |a Bibliogr. územ. slovac. tlačí 18. stor.  |c I./666 
510 4 |a Rizner  |c I/74 
510 4 |a Petrik  |c I/155 
510 4 |a Zelliger  |c 153 
510 4 |a Knihopis  |c 932 
546 |a Predspisovná slovenčina  |b Fraktúra 
561 |a Proveniencia: Ex libris Michaelis Grenner Parochi Baloghensis. - Michaelis Grenner Parochi Baloghensis 
610 2 7 |a Rímskokatolícka cirkev  |2 SNKKA  |9 32394 
650 0 7 |a kázne  |2 SNKPH  |9 1954 
700 1 |a Jelínek, Václav,  |d 1731-1823  |4 prt  |9 158461 
700 1 |a Grenner, Michal  |4 fmp  |9 519729 
752 |a Slovensko  |d Trnava 
852 |a snk  |p SD 1197/2-3/1 
958 |a ONDV 
958 |a DD 
999 |c 801049  |d 802979 
952 |a SNK  |b SNK  |y PREZ  |7 0  |p 17A1398055  |o snkSD 1197/2-3/1/prív.1 D2  |i snkKSF 5799/57  |8 5  |0 0  |1 0  |4 0  |d 1997-06-20  |l 0  |r 2005-01-02 00:00:00  |w 2026-02-24 
952 |a SNK  |b SNK  |y PREZ  |7 0  |p 17A0073252  |o snkSD 1197/2 D3  |i snkF 1552/82  |8 5  |0 0  |1 0  |4 0  |d 1997-06-20  |l 0  |r 2005-01-02 00:00:00  |w 2026-02-24 
952 |a SNK  |b SNK  |y PREZ  |7 0  |p 17A0073346  |o snkSD 1197/2-3/1 D1  |i snkKSF 1617/56  |8 5  |0 0  |1 0  |4 0  |d 2010-04-20  |l 0  |r 2026-02-24 02:07:24  |w 2026-02-24 
952 |a SNK  |b SNK  |y PREZ  |7 0  |p 17A0862107  |o snkSD 1197/2-3/1  |i snk2441/29  |0 0  |1 0  |4 0  |d 2021-10-12  |f 1  |l 0  |r 2025-10-23 00:00:00  |w 2026-02-24